بیگم بادشاہ غلام / (Record no. 107153)

MARC details
000 -LEADER
fixed length control field 00761nam a22002537a 4500
005 - DATE AND TIME OF LATEST TRANSACTION
control field 20170123162322.0
010 ## - LIBRARY OF CONGRESS CONTROL NUMBER
LC control number 185664
020 ## - INTERNATIONAL STANDARD BOOK NUMBER
Terms of availability 3.00
035 ## - SYSTEM CONTROL NUMBER
System control number 185664
037 ## - SOURCE OF ACQUISITION
Source of stock number/acquisition Cen Lib/Ret
040 ## - CATALOGING SOURCE
Original cataloging agency DPL
Language of cataloging UR
082 ## - DEWEY DECIMAL CLASSIFICATION NUMBER
Classification number 847
Item number ش و ک
100 ## - MAIN ENTRY--PERSONAL NAME
Personal name شوکت تھانوی
9 (RLIN) 117551
245 ## - TITLE STATEMENT
Title بیگم بادشاہ غلام /
Statement of responsibility, etc شوکت تھانوی
246 ## - VARYING FORM OF TITLE
Title proper/short title Begum badshah ghulam /
Remainder of title by Shokat Thanvi
260 ## - PUBLICATION, DISTRIBUTION, ETC. (IMPRINT)
Place of publication, distribution, etc لکھنؤ
Name of publisher, distributor, etc زندے رضا مہندی
270 ## - ADDRESS
City لکھنؤ
300 ## - PHYSICAL DESCRIPTION
Extent 160p.
Dimensions 18cm(Hb)
650 ## - SUBJECT ADDED ENTRY--TOPICAL TERM
Topical term or geographic name as entry element اردو ادب
9 (RLIN) 117552
650 ## - SUBJECT ADDED ENTRY--TOPICAL TERM
Topical term or geographic name as entry element اردو مضمون
9 (RLIN) 117553
650 ## - SUBJECT ADDED ENTRY--TOPICAL TERM
Topical term or geographic name as entry element Urdu literature
9 (RLIN) 117554
650 ## - SUBJECT ADDED ENTRY--TOPICAL TERM
Topical term or geographic name as entry element Urdu essays
9 (RLIN) 528
942 ## - ADDED ENTRY ELEMENTS (KOHA)
Source of classification or shelving scheme Dewey Decimal Classification
Koha item type Urdu Bks
Classification part 847
Call number suffix ش و ک
Holdings
Withdrawn status Lost status Damaged status Not for loan Home library Current library Date acquired Source of acquisition Cost, normal purchase price Total Checkouts Full call number Barcode Date last seen Date checked out Copy number Cost, replacement price Price effective from Koha item type
        Central Library Central Library 04/01/2016 Cen Lib/Ret 3.00 1 847 ش و ک 185664 01/02/2018 18/01/2018 1 3.00 04/01/2016 Urdu Bks

© Delhi Public Library
Hit Counter
free hit counter